Odd Food Out Quiz Stats

Quiz Updated Jan 28, 2014

Challenge
Share
Tweet
Embed
Score 0/12 Timer 03:00
0 Plays Today
Topic Answer % Correct
Herbs???
87.9%
Desserts???
85.1%
Bread Products???
80.2%
Waldorf Salad Components???
78.2%
Game Meats???
69.4%
Citrus Fruits???
57.2%
Types of Pastry???
50.5%
Legumes???
45.7%
Spices???
28.1%
French Cheeses???
23.7%
Japanese Kit Kat Flavours???
17.5%
Traditional Offals in Haggis???
14.1%

You're not logged in!

Compare scores with friends on all Sporcle quizzes.
Sign Up with Email
OR
Log In

You Might Also Like...

Show Comments

Extras

Top Quizzes Today


Score Distribution

Your Account Isn't Verified!

In order to create a playlist on Sporcle, you need to verify the email address you used during registration. Go to your Sporcle Settings to finish the process.